Ведомости о состоянии училищ Екатеринославской губернии, об открытии Главного народного училища с приложением торжественного опи...

Доступно только в Электронных читальных залах Найти на картеНа карте
RUSMARC
00006395nmc2a22002773x 450
0010757b116-8cdb-4669-b72d-4aa129158c82
00520241210180122.0
100##$a20241016l17941794k l0rusy0189 ca
1010#$arus
102##$aRU
105##$ay###
1222#$ad
2001#$aВедомости о состоянии училищ Екатеринославской губернии, об открытии Главного народного училища с приложением торжественного описания
$j3 февраля - 26 марта 1794 г.
215##$a5 л.
$d32,5х20 см
251##$cДело
300##$aВасилий Коховский, Николай [Ильшенецкий], Иван Бебер, Лаврентий Астафьев; в должности секретаря Кондрат Василевич
300##$aНа обложке указано: "Екатеринослав"
300##$aОриг. заголовок дела: Дело в Главное училищное правительство из Екатеринославского приказа общественного призрения. Приказ общественного призрения во исполнение высочайшего ее императорского величества узаконений и в соответствие сделанного в нем особого протокола открыл Градижского уезда в местечке Кобыляке Малое народное училище в назначенный по тому протоколу день, минувшего 22 января, под руководством нарочно отряженных к тому: местного Главного народного училища директора, надворного советника и кавалера Бебера, и члена приказа от дворянства, заседателя Астафьева, при открытии которого принято учеников, представленных от разного звания и состояния людей сорок два. По числу этому определены для изучения их в показанное училище и учителя, выписанные из Полтавской семинарии и испытанные законным порядком, в знании правил, предограниченных в уставе, высочайше о народных училищах изданном, классов: 2-го - Григорий Хилецкий, а 1-го - Василий Каменский. Каков же при этом открытии в полном удовольствии зрителей действовал образ порядка, о том сочиненный обряд, при этом Главному училищному правительству приказ общественного призрения препровождает. 3 февраля 1794 г. - 26 марта 1794 г
371##$aДокумент не является опубликованным и широко распространяемым
461#0$100174716ac7-ef0a-4ce9-889f-df06b5c6e13c
$12001
$aКомиссия об учреждении народных училищ
$1251
$cФонд
$1852
$j730
462#0$1001e6616291-8022-4671-9001-59f853d67170
$12001
$aЖурналы заседаний и определения Комиссии; ведомости приказов общественного призрения о состоянии и бюджете училищ, учителях, успехах учеников
$1251
$cОпись
$1852
$j2
5171#$aДело в Главное училищное правительство из Екатеринославского приказа общественного призрения. Приказ общественного призрения во исполнение высочайшего ее императорского величества узаконений и в соответствие сделанного в нем особого протокола открыл Градижского уезда в местечке Кобыляке Малое народное училище в назначенный по тому протоколу день, минувшего 22 января, под руководством нарочно отряженных к тому: местного Главного народного училища директора, надворного советника и кавалера Бебера, и члена приказа от дворянства, заседателя Астафьева, при открытии которого принято учеников, представленных от разного звания и состояния людей сорок два. По числу этому определены для изучения их в показанное училище и учителя, выписанные из Полтавской семинарии и испытанные законным порядком, в знании правил, предограниченных в уставе, высочайше о народных училищах изданном, классов: 2-го - Григорий Хилецкий, а 1-го - Василий Каменский. Каков же при этом открытии в полном удовольствии зрителей действовал образ порядка, о том сочиненный обряд, при этом Главному училищному правительству приказ общественного призрения препровождает. 3 февраля 1794 г. - 26 марта 1794 г
801#0$aRU
$bРГИА
$c20241016
$gRCR
801#1$aRU
$bГлавНИВЦ
$c20241016
$2rusmarc
801#2$aRU
$bПБ им. Б.Н. Ельцина
$c20241210
$gRCR
$2rusmarc
850##$aРГИА
852##$aРГИА
$eФедеральное казенное учреждение "Российский государственный исторический архив" (РГИА)
$j1996
937##$hРГИА
$d12413460
$aASBIBLIO_SCAN
035##$aRusGRCC00080633
856##$uhttp://readingroom.main.prlib.ru/item.aspx?id_node=n195254982&mode=full
Формат отображения